| 000 | 00445nam a2200157 i 4500 | ||
|---|---|---|---|
| 001 | 28047 | ||
| 003 | ES-MaACL | ||
| 005 | 20230906153742.0 | ||
| 007 | t| | ||
| 008 | 030116s1887 fr ||||1| fre d | ||
| 100 | 1 |
_aBaillet, Georges. _924706 |
|
| 245 | 1 | 0 |
_aEssai sur le credit agricole mobilier / _cGeorges Baillet. |
| 260 |
_aParis : _bBar-le-Duc, _c1887 ( _fImp. Contaut Laguerre) |
||
| 300 |
_a252 p. ; _c25 cm. |
||
| 852 |
_aES-MaACL _jF-9400 |
||
| 999 |
_c28047 _d28047 |
||